000 00477nam a2200169Ia 4500
003 GCL
008 140319s9999 xx 000 0 eng d
040 _aGCL /
_cGCL
082 0 4 _a069.53
_bI S
100 1 _aL'INSTITUT INTERNATION AL
245 1 0 _aSTUDIES IN CONSERVATION /
_cL'INSTITUT INTERNATION AL
260 _a[S.N] :
_bTHE INTERNATIONAL INSTITUTE FOR THE COVR ،
_c1956
300 _a159 P
650 0 4 _aMUSEUM - SCIENCE
650 0 4 _aCONSERVATION
942 _2ddc
_cBK
999 _c15166
_d15166